000 00383 a2200169 4500
001 45474
020 _a9788572722834
040 _cAnchieta - Aquarius
100 _aCARPINEJAR, Fabrício
240 1 0 _aO menino grisalho
_lpor
245 1 0 _aO menino grisalho
300 _a31
362 0 _a2010
440 1 _aMercuryo Jovem
650 4 _aLiteratura infanto-juvenil
942 _cBK
999 _c45474
_d45474